000 00358nam a2200121Ia 4500
008 220620s9999||||xx |||||||||||||| ||und||
245 0 _aAlternative Medicine
546 _aEnglish[eng]
650 _aComplementary medicine
700 _aSakagami, Hiroshi
856 _uhttps://mts.intechopen.com/storage/books/3369/authors_book/authors_book.pdf
942 _cEB
999 _c22138
_d22138